000 02738cam a2200517Ii 4500
001 ocn847833649
003 TZ-ArACH
005 20221109121629.0
008 130612t20132011enka b 001 0 eng d
020 _a1107645107
020 _a9781107645103
029 1 _aNZ1
_b15940711
035 _a(OCoLC)847833649
040 _aYDXCP
_beng
_erda
_cYDXCP
_dBXM
_dOCLCF
_dOCLCQ
_dOCL
_dHEBIS
_dOCL
_dU9X
_dGWL
_dOCL
043 _aee-----
_ae-ur---
049 _aTZAA
050 4 _aKZ6030
_b.S69 2013
082 0 4 _a323/.09047
_223
100 1 _aSnyder, Sarah B.,
_d1977-
_eauthor.
245 1 0 _aHuman rights activism and the end of the Cold War :
_ba transnational history of the Helsinki network /
_cSarah B. Snyder.
250 _aFirst paperback edition.
260 _aNew York, NY :
_bCambridge University Press,
_c2013.
300 _ax, 293 pages :
_billustrations ;
_c23 cm.
490 1 _aHuman rights in history
500 _a"First published 2011. First paperback edition 2013"--Title page verso
504 _aIncludes bibliographical references and index.
505 0 _a1. Bridging the East-West divide : the Helsinki Final Act negotiations -- 2. "A sort of lifeline" : the Helsinki Commission -- 3. Even in a Yakutian village : Helsinki monitoring in Moscow and beyond -- 4. Follow-up at Belgrade : the United States transforms the Helsinki process -- 5. Helsinki watch, the IHF, and the transnational campaign for human rights in Eastern Europe -- 6. Human rights in East-West diplomacy -- "A debate in the fox den about raising chickens" : the Moscow conference proposal -- 8. 'Perhaps without you, our revolution would not be."
520 _aThis work explores how, in the aftermath of the signing of the Helsinki Final Act in 1975, a transnational network of activists committed to human rights in the Soviet Union and Eastern Europe made human rights a central element of East-West diplomacy.
600 _2on order
610 2 0 _aConference on Security and Cooperation in Europe (Organization)
610 2 7 _aConference on Security and Cooperation in Europe (Organization)
_2fast
611 2 0 _aConference on Security and Cooperation in Europe
_d(1972-1975 :
_cHelsinki, Finland).
_tFinal Act.
611 2 7 _aCold War (1945-1989)
_2fast
630 0 7 _aFinal Act (Conference on Security and Cooperation in Europe)
_2fast
650 0 _aHuman rights.
650 0 _aHuman rights
_zEurope, Eastern.
650 0 _aHuman rights
_zSoviet Union.
650 0 _aHuman rights advocacy.
650 0 _aCold War.
650 7 _aHuman rights.
_2fast
650 7 _aHuman rights advocacy.
_2fast
651 7 _aEurope, Eastern.
_2fast
651 7 _aSoviet Union.
_2fast
830 0 _aHuman rights in history.
942 _2lcc
_cBOOK
999 _c3371
_d3371